| 000 | 01461nam a2200289Ia 4500 | ||
|---|---|---|---|
| 001 | 18189 | ||
| 003 | GE_BSU | ||
| 008 | 181216s||||||||xx |||||||||||||| ||und|| | ||
| 020 | _a978-9941-10-110-6 | ||
| 040 | _cGE_BSU | ||
| 080 | _a811.353.1'282 | ||
| 100 | _aაბაშვილი, ვასილ | ||
| 245 | _aქართული ენის ინგილოური დიალექტი | ||
| 245 | _bტექსტები | ||
| 245 | _cწიგნი გამოსაც. მოამზადეს მარინე ბერიძემ და მაია ბარიხაშვილმა. რედ. კონსტანტინე კაკიტაძე | ||
| 250 | _aარნოლდ ჩიქობავას ენათმეცნიერების ინ-ტი | ||
| 260 | _aთბილისი | ||
| 260 | _bმერიდიანი | ||
| 260 | _c2009 | ||
| 300 | _a388გვ. ; 20სმ. | ||
| 300 | _eსაძიებელი: გვ. 338-386. - ბიბლიოგრ.: გვ. 329-336. | ||
| 520 | _aეძღვნება ბესარიონ ჯორბენაძის ხსოვნას | ||
| 541 | _h15ლ. | ||
| 653 | _aქართული ენის დიალექტები; ინგილოური დიალექტი | ||
| 653 | _aქართული ენის ინგილოური დიალექტი | ||
| 942 | _cBK | ||
| 999 |
_c51229 _d51229 |
||